How to study the Bible (Record no. 7584)

MARC details
000 -LEADER
fixed length control field 00427nam a22001817a 4500
003 - CONTROL NUMBER IDENTIFIER
control field GBCCL
005 - DATE AND TIME OF LATEST TRANSACTION
control field 20241126110631.0
008 - FIXED-LENGTH DATA ELEMENTS--GENERAL INFORMATION
fixed length control field 180828b ||||| |||| 00| 0 eng d
020 ## - INTERNATIONAL STANDARD BOOK NUMBER
International Standard Book Number 0883681641
040 ## - CATALOGING SOURCE
Transcribing agency GBC
082 ## - DEWEY DECIMAL CLASSIFICATION NUMBER
Classification number 220.07
Item number TOR
100 ## - MAIN ENTRY--PERSONAL NAME
Personal name Torrey, R.A.
9 (RLIN) 9481
245 ## - TITLE STATEMENT
Title How to study the Bible
260 ## - PUBLICATION, DISTRIBUTION, ETC.
Name of publisher, distributor, etc. Whitaker,
Place of publication, distribution, etc. USA:
Date of publication, distribution, etc. 1985.
300 ## - PHYSICAL DESCRIPTION
Extent 95p. ;
650 ## - SUBJECT ADDED ENTRY--TOPICAL TERM
Topical term or geographic name entry element Bible
Form subdivision study
9 (RLIN) 2583
942 ## - ADDED ENTRY ELEMENTS (KOHA)
Source of classification or shelving scheme Dewey Decimal Classification
Koha item type Books
Koha issues (borrowed), all copies 2
Holdings
Withdrawn status Lost status Source of classification or shelving scheme Damaged status Not for loan Home library Current Library Shelving location Date acquired Total checkouts Total renewals Full call number Barcode Date last seen Date last checked out Copy number Price effective from Koha item type
    Dewey Decimal Classification     GRACE BIBLE COLLEGE GRACE BIBLE COLLEGE Biblical Studies 2018-08-28 3 1 220.07 TOR 002922 2025-11-06 2025-10-27 c.1 2018-08-28 Books
© Grace Bible College Library 2025